000 00477nam a2200181Ia 4500
005 20250508150739.0
008 008 250505s9999 xx 000 0 eng d
037 _aTextual
040 _aFEDL
_beng
_cFEDL
041 _aeng
_2eng
084 _a264, WAY
_qFEDL
100 _aWayne Philip
_941614
245 0 _aSchool service
260 _aLondon, UK
_bMethuen and Co. Ltd
_c1949
300 _axi,214p.
942 _cTEXL
_h264, WAY
999 _c1325417
_d1325417